000 00620nam a2200229Ia 4500
003 OSt
005 20221007082207.0
006 a|||||r|||| 00| 0
007 ta
008 221006b |||||||| |||| 00| 0 eng d
024 _a22,100
037 _cReference Collections
040 _aFLL
_cFLL
_beng
041 _2eng
_aeng
082 _aZ21:881qm:2, A
100 _aPharoah J. B.
_9698885
245 0 _aCircular orders of the court of Foujdaree Udalut
260 _c1847
300 _a276,lvi
_ccm.
942 _hZ21:881qm:2, A
_cREF
_2CC
999 _c1165617
_d1165617